Представление документа в формате MARC21

Поле Инд. ПП Название Значение
Тип записи a
Библиографический уровень m
001 Контрольный номер 892c7f9e-2970-450c-bd85-a03d7a12323a
005 Дата корректировки 20140703170429.3
008 Кодируемые данные 081001
020 a ISBN 5-17-004585-9 (кн. 3)
a ISBN 5-17-008962- 7(АСТ)
a ISBN 5-271-01305-7 (кн. 3)
a ISBN 5-271-01033-3 (Астрель)
c Цена, тираж 130.00
040 a Служба первич. каталог. НБ ТвГУ
041 a Код языка текста rus
080 a Индекс УДК 53(075.8)
084 a Индекс другой классификации/Индекс ББК В3я73-1
a Индекс другой классификации/Индекс ББК В36я73-1
a Индекс другой классификации/Индекс ББК В317я73-1
090 x Авторский знак С12
a Полочн. индекс В3
100 1_ a Автор Савельев Игорь Владимирович
245 10 a Заглавие Курс общей физики
n Номер части/ раздела Кн. 3
p Название части/ раздела Молекулярная физика и термодинамика
b Продолж. заглавия учебное пособие для студентов втузов : в 5 кн.
c Ответственность И. В. Савельев
260 0_ a Место издания Москва
b Издательство АСТ
b Издательство Астрель
c Дата издания 2004
300 a Объем 208 с.
b Иллюстрации/ тип воспроизводства ил.
c Размеры 21см
504 a Библиография Предм. указ: с. 207-208.
583 a Действие Получение впервые 216 01.10.2008
k Исполнитель действия Взамен утраченных
650 a Основная рубрика Физика
x Основная подрубрика Учебники для вузов
650 a Основная рубрика Молекулярная физика
650 a Основная рубрика Термодинамика
653 a Ключевые слова Физика
a Ключевые слова Общая физика
a Ключевые слова Молекулярная физика
a Ключевые слова Термодинамика
852 t Порядковый номер экземпляра 1
p Инвентарный номер 919770
863 t 00231913
888 a Бесплатные
930 a Новая/Ретро учебники
952 p 216.2008 130.00 1 919770
c Вид литературы К ру
954 a Дата поступления на обработку 20081010
999 a Подразделение 2 Фил3